| 000 | 00675cas a22002173 4500 | ||
|---|---|---|---|
| 001 | 10576189 | ||
| 005 | 20140919171752.0 | ||
| 008 | 860724u19uuuuuuii uu 0 0und | ||
| 010 | _a 78910811 | ||
| 040 |
_aDLC _cCarP _dDLC |
||
| 043 | _aa-ii--- | ||
| 050 | 0 | 0 | _aLAW |
| 245 | 0 | 0 |
_aIndian law reports, Delhi series. _bDelhi series. |
| 260 |
_aDelhi _cController of Publications _b2011- |
||
| 300 |
_av. _c24 cm. |
||
| 500 | _a"Containing cases determined by the High Court of Delhi." | ||
| 650 | 0 |
_aLaw reports, digests, etc. _zIndia. |
|
| 710 | 1 |
_aDelhi. _bHigh Court. [from old catalog] |
|
| 906 |
_a0 _bcbc _cserprem _du _encip _f19 _gy-gencatlg |
||
| 942 |
_2ddc _cSR _s1 |
||
| 999 |
_c88866 _d88866 |
||